Catalog

Record Details

Catalog Search



Slowenen in Mauthausen / France Filipič ; [Übersetzung Karl Smolle]

Filipič, France, 1919- (Author). Smolle, Karl (Translator).

Record details

  • ISBN: 3-9500867-5-7
  • Physical Description: 375 s. : il.
  • Publisher: Wien : Bundesministerium für Inneres, 2004

Available copies

  • 1 of 1 copy available at Common Catalog SPOK.

Holds

  • 0 current holds with 1 total copy.
Show Only Available Copies
Location Call Number / Copy Notes Barcode Shelving Location Status Due Date
Terezin Initiative Institute 5205 4594305205 Knihovna ITI Available -

LDR 00729nam a2200241 a 4500
00127633
003CZ-PrJAB
00520221102102203.0
008041110s2004 au gr 0 ger
020 . ‡a3-9500867-5-7
035 . ‡a(CONS)2454
035 . ‡a(CZ PrSKC)zmp000007160
040 . ‡aABE323 ‡bcze
0411 . ‡ager ‡hund
1001 . ‡aFilipič, France, ‡d1919- ‡4aut
24510. ‡aSlowenen in Mauthausen / ‡cFrance Filipič ; [Übersetzung Karl Smolle]
260 . ‡aWien : ‡bBundesministerium für Inneres, ‡c2004
300 . ‡a375 s. : ‡bil.
4901 . ‡aMauthausen-Studien ; ‡vBd. 3
7001 . ‡aSmolle, Karl ‡4trl
830 0. ‡aMauthausen-Studien
8524 . ‡bJACH-ITI ‡bJACH-ITI ‡cKnihovna ITI ‡j5205 ‡p5205 ‡y$0.00
910 . ‡aABE340 ‡b5205
995 . ‡askok
901 . ‡a27633 ‡bUnknown ‡c27633 ‡tbiblio

Additional Resources